Catalog

Record Details

Catalog Search



His Royal Dogness, Guy the Beagle : the rebarkable true story of how a shelter dog became a royal dog  Cover Image Book Book

His Royal Dogness, Guy the Beagle : the rebarkable true story of how a shelter dog became a royal dog / by Guy the Beagle with Camille March and Mike Brumm ; illustrated by E.G. Keller.

Guy, the Beagle, (author.). March, Camille, (author.). Brumm, Michael C., (author.). Keller, E. G. (Illustrator), (illustrator.).

Summary:

"From writer and producer of The Late Show with Stephen Colbert Mike Brumm and publishing veteran Camille March comes the "rebarkable" story of Duchess Meghan Markle's rescue beagle, Guy, chronicling his journey from a Kentucky kill shelter to Kensington Palace, where he is ultimately embraced by the royal family, illustrated in beautiful four-color by EG Keller (illustrator of John Oliver's MARLON BUNDO)"-- Provided by publisher.

Record details

  • ISBN: 9781982114626
  • ISBN: 1982114622
  • Physical Description: 1 volume (unpaged) : color illustrations ; 26 cm
  • Edition: First Simon & Schuster hardcover edition.
  • Publisher: New York : Simon & Schuster, [2018]
Subject: Guy, the Beagle > Humor.
Meghan, Duchess of Sussex, 1981- > Humor.
Rescue dogs > Biography.
Princesses > Great Britain > Humor.
Princesses > Great Britain > Humor.
Genre: Biographies.
Humor.

Available copies

  • 1 of 1 copy available at scottsboropl.

Holds

  • 0 current holds with 1 total copy.
Show Only Available Copies
Location Call Number / Copy Notes Barcode Shelving Location Status Due Date
scottsboropl F Guy 32269001169427 Juvenile - Easy Available -

LDR 02565cam a2200565 i 4500
001155850
003SBPL
00520210524165659.0
008180824s2018 nyua 000 hbeng c
010 . ‡a 2018035972
0167 . ‡a019086876 ‡2Uk
020 . ‡a9781982114626 ‡q(hardcover)
020 . ‡a1982114622 ‡q(hardcover)
035 . ‡a(OCoLC)1047620530
042 . ‡apcc
043 . ‡ae-uk---
05000. ‡aSF426.2 ‡b.G88 2018
08200. ‡a636.753/7 ‡223
1000 . ‡aGuy, ‡cthe Beagle, ‡eauthor.
24510. ‡aHis Royal Dogness, Guy the Beagle : ‡bthe rebarkable true story of how a shelter dog became a royal dog / ‡cby Guy the Beagle with Camille March and Mike Brumm ; illustrated by E.G. Keller.
250 . ‡aFirst Simon & Schuster hardcover edition.
264 1. ‡aNew York : ‡bSimon & Schuster, ‡c[2018]
300 . ‡a1 volume (unpaged) : ‡bcolor illustrations ; ‡c26 cm
336 . ‡atext ‡btxt ‡2rdacontent
337 . ‡aunmediated ‡bn ‡2rdamedia
338 . ‡avolume ‡bnc ‡2rdacarrier
520 . ‡a"From writer and producer of The Late Show with Stephen Colbert Mike Brumm and publishing veteran Camille March comes the "rebarkable" story of Duchess Meghan Markle's rescue beagle, Guy, chronicling his journey from a Kentucky kill shelter to Kensington Palace, where he is ultimately embraced by the royal family, illustrated in beautiful four-color by EG Keller (illustrator of John Oliver's MARLON BUNDO)"-- ‡cProvided by publisher.
60000. ‡aGuy, ‡cthe Beagle ‡vHumor.
60000. ‡aMeghan, ‡cDuchess of Sussex, ‡d1981- ‡vHumor.
650 0. ‡aRescue dogs ‡vBiography.
650 0. ‡aPrincesses ‡zGreat Britain ‡vHumor.
650 1. ‡aPrincesses ‡zGreat Britain ‡vHumor.
655 7. ‡aBiographies. ‡2lcgft
655 7. ‡aHumor. ‡2lcgft
7001 . ‡aMarch, Camille, ‡eauthor.
7001 . ‡aBrumm, Michael C., ‡eauthor.
7001 . ‡aKeller, E. G. ‡c(Illustrator), ‡eillustrator.
901 . ‡a155850 ‡b ‡c155850 ‡tbiblio

Additional Resources